|
|
|
|
| LEADER |
00000nam0a2200000 4500 |
| 001 |
122529 |
| 005 |
20231031130051.0 |
| 035 |
|
|
|a (RuTPU)RU\TPU\book\132658
|
| 090 |
|
|
|a 122529
|
| 100 |
|
|
|a 20071004d1956 km y0rusy50 ca
|
| 101 |
0 |
|
|a rus
|
| 102 |
|
|
|a RU
|
| 105 |
|
|
|a a z 001zy
|
| 200 |
1 |
|
|a Физико-химические основы керамики
|e сборник статей
|f под ред. П. П. Будникова
|
| 210 |
|
|
|a Москва
|c Промстройиздат
|d 1956
|
| 215 |
|
|
|a 575 с.
|c ил.
|
| 320 |
|
|
|a Библиогр. в конце ст.
|
| 610 |
1 |
|
|a керамические материалы
|
| 610 |
1 |
|
|a керамика
|
| 610 |
1 |
|
|a физико-химические исследования
|
| 610 |
1 |
|
|a сборники
|
| 675 |
|
|
|a 666.3
|v 3
|
| 702 |
|
1 |
|a Будников
|b П. П.
|g Петр Петрович
|4 340
|
| 801 |
|
1 |
|a RU
|b 63413507
|c 20071004
|g PSBO
|
| 801 |
|
2 |
|a RU
|b 63413507
|c 20080924
|g PSBO
|
| 942 |
|
|
|c BK
|